The Meaning of Anxiety /

Estudio clásico sobre la ansiedad, en el que el psicólogo Rollo May (1909-1994) examina las dimensiones culturales e históricas, biológicas y psicológicas del fenómeno, en un intento de construir una teoría general de la ansiedad. May sostiene que la ansiedad es esencial para la condición humana y q...

Description complète

Enregistré dans:
Détails bibliographiques
Auteur principal: May, Rollo (autor)
Format: Livre
Langue:anglais
Publié: Nueva York, EUA : Norton, 1996, c1977
Sujets:
Tags: Ajouter un tag
Pas de tags, Soyez le premier à ajouter un tag!

MARC

LEADER 00000nam^a2200000^a^4500
001 000160453
005 20250521000000.0
009 20260310100723.821
020 |a 0-393-31456-1 
037 |a Acervo ITESO - Biblioteca 
041 |a ING 
082 |a 616. 85223  |b MAY 
100 |a May, Rollo  |e (autor) 
245 1 4 |a The Meaning of Anxiety /  |c R. May. 
264 4 |a Nueva York, EUA :  |b Norton,  |c 1996, c1977 
300 |a XX, 425 p. 
336 |a texto  |b txt  |2 rdacontenido 
337 |a sin mediación  |b n  |2 rdamedio 
338 |a volumen  |b nc  |2 rdasoporte 
520 |a Estudio clásico sobre la ansiedad, en el que el psicólogo Rollo May (1909-1994) examina las dimensiones culturales e históricas, biológicas y psicológicas del fenómeno, en un intento de construir una teoría general de la ansiedad. May sostiene que la ansiedad es esencial para la condición humana y que enfrentarla alivia el aburrimiento, afina la sensiblidad y crea la tensión necesaria para preservar la existencia del hombre. La ansiedad es percibida de un modo ambivalente: puede paralizar, pero también generar el ímpetu para los cambios más positivos y guardar relación con la inteligencia, la creatividad y la originalidad, aunque también ser resuelta en formas destructivas. Sin embargo, según la visión de May, es sólo mediante la confrontación y la resolución de la ansiedad que la autorealización del ser humano ocurre. 
649 |a XX 
650 |a Madres Solteras -  |x Condiciones Psicológicas 
650 |a Ansiedad -  |x Aspectos Sociales y Culturales 
650 |a Ansiedad -  |x Aspectos Físicos 
650 |a Sintomatología 
650 |a Psicopatología 
650 |a Psicoterapia 
650 |a Psicología Clínica 
650 |a Emoción 
650 |a Biología 
650 |a Filosofía 
910 |a Fondo General 
920 |a Impresos - Libros 
930 |a Colección General 
905 |a 101 
901 |a 0500091981  |b IT1  |c ACC  |u 20250521 
902 |a https://opac.biblio.iteso.mx/vufind/Record/000160453